Normal view
MARC view
- Land use
Entry Topical Term
001 - CONTROL NUMBER
- control field: 21532
003 - CONTROL NUMBER IDENTIFIER
- control field: NUST
005 - DATE AND TIME OF LATEST TRANSACTION
- control field: 20190926113212.0
008 - FIXED-LENGTH DATA ELEMENTS
- fixed length control field: 190926|| aca||aabn | a|a d
040 ## - CATALOGING SOURCE
- Original cataloging agency: NUST
- Transcribing agency: NUST
150 ## - HEADING--TOPICAL TERM
- Topical term or geographic name entry element: Land use
- Geographic subdivision: United States
- General subdivision: Planning.
670 ## - SOURCE DATA FOUND
- Source citation: Work cat.: (NUST)0: Engelen, Rodney E. 21530, Coordination of transportation system management and land use management /, [1982]
